El origen de los animales domesticos /

Guardado en:
Autor Principal: Thévenin, René
Formato: Libro
Publicado: Buenos Aires : Eudeba, 1961
Series:Cuadernos; No. 40
Materias:
Etiquetas: Agregar Etiqueta
Sin Etiquetas, Sea el primero en etiquetar este registro!
LEADER 01239nam a22001815a 4500
001 CEM.cems006250
005 20061023143623.0
008 130507s1961##################000#0#####d
003 CEMS
082 0 4 |a 636.09 
100 1 |a Thévenin, René 
245 1 0 |a El origen de los animales domesticos /  |c René Thévenin 
260 |a Buenos Aires :  |b Eudeba,  |c 1961 
300 |a 59 p. 
490 0 |a Cuadernos; No. 40 
505 0 |a ¿Qué es un animal doméstico? -- ¿Para qué se ha domesticado? -- ¿Cómo se ha domesticado? -- Compañeros y auxiliares del hombre -- El perro -- El gato -- Los antecesores del gato y diversos carnívoros -- El caballo - El asno -- El camello y las llamas -- El elefante -- El reno -- Las especies alimentarias e industriales -- El buey -- La cabra y el carnero -- El cerdo -- El conejo y el cobayo -- Los animales para abrigo -- Los animales de laboratorio -- Las aves de corral -- El gallo y los galliformes -- El ganso y los anseriformes -- La paloma y la tórtola -- El canario y las especies de pajarera -- Las cotorras y los papagayos -- El avestruz y el ñandú -- El halcón -- Los peces, los insectos y los moluscos 
653 |a Animales domésticos 
859 |a CEMS  |b BIB. CEMS - 11 de abril  |h 636.09  |i T344  |p 2245.74  |t Ej.1